Mesto získalo projekt na rozvoj doseparovania odpadov

Enregistré dans:
Détails bibliographiques
Auteur principal: Bergendi, Tomáš, 1984-
Format: Chapitre de livre
Langue:slovaque
Tags: Ajouter un tag
Pas de tags, Soyez le premier à ajouter un tag!

MARC

LEADER 00000naa a2200000 4500
001 0155050
005 20240502072727.5
041 0 |a slo 
044 |a SK 
245 1 0 |a Mesto získalo projekt na rozvoj doseparovania odpadov  |c Tomáš Bergendi 
100 1 |a Bergendi, Tomáš, 1984-